| 000 | 00901nam a2200277Ia 4500 | ||
|---|---|---|---|
| 008 | 240729s9999 xx 000 0 und d | ||
| 022 | _a2067-7669 | ||
| 245 | 0 | _aAgora International Journal of Economical Sciences | |
| 260 | _aRomania | ||
| 260 | _bEditura Universitatii Agora | ||
| 650 | _a Business | ||
| 650 | _a Business | ||
| 650 | _a Commerce | ||
| 650 | _a Commerce | ||
| 650 | _a Comparative law. International uniform law | ||
| 650 | _a Economic theory. Demography | ||
| 650 | _a Economics as a science | ||
| 650 | _a Law in general. Comparative and uniform law. Jurisprudence | ||
| 650 | _a Marketing. Distribution of products | Social Sciences | ||
| 650 | _a Office management | Law | ||
| 650 | _a Public finance | Social Sciences | ||
| 650 | _aSocial Sciences | ||
| 856 | _uhttps://doaj.org/toc/747b053540e04f1e9dec4e8b84a13d5a | ||
| 942 | _2ddc | ||
| 942 | _cDOAJEJ | ||
| 999 |
_c72835 _d72835 |
||
| 945 |
_a1 _bMadushi Gamage _c1 _dMadushi Gamage |
||